Pěstování hvězdníku (Hippeastrum) k řezu

Bibliographic Details
Main Author: Šťastný, Richard (Author)
Format: Article
Language:Czech
Slovak
Subjects:

MARC

LEADER 00000nab a2200000 a 4500
001 vtls000433145
003 SK-MaSNL
005 20260302233747.0
008 120925c1991 xo 0 cze
015 |a SNBRB19rr/mm-uuuuu 
035 |a CL0433273 
040 |a SNKBUCL  |b slo  |c SNKBUCL  |e AACR2 
041 0 |a slo 
044 |a xo  |c SK 
080 |a 635.91  |2 1981 
100 1 |a Šťastný, Richard  |4 aut  |9 945955 
245 1 0 |a Pěstování hvězdníku (Hippeastrum) k řezu  |c Richard Šťastný 
650 0 7 |a Hippeastrum  |2 snkbucl  |9 968061 
655 7 |a články z novín a časopisov  |2 snkbucl  |9 267496 
773 0 |t Záhradníctvo  |g Roč. 16, č. 8 (1991), s. 286-287 
850 |a Slovenská národná knižnica v Martine  |a MTA001 
852 |a SNK  |b KIS3GCP 
958 |a RK 
992 |a RBX 
999 |c 1547721  |d 1549651